| 000 | 00421nam a2200133Ia 4500 | ||
|---|---|---|---|
| 008 | 220216s9999 xx 000 0 und d | ||
| 100 | _aPuskas J E | ||
| 245 | 0 | _aNovel polyisobutylene-based thermoplastic elastomers | |
| 260 |
_bRUBCON 2002: Proceedings of the Indian Rubber Conference January 12-13. pp.9-20 _c2002 |
||
| 300 | _a20-Sep | ||
| 650 | _aThermoplastic elastomers | ||
| 700 | _aChattopadhyay S | ||
| 942 | _cJS | ||
| 999 |
_c64108 _d64108 |
||